00454nam a2200193Ia 4500008004100000020001800041050001400059100001400073245003300087245001400120260001500134260001600149260000900165300001400174300002700188300001000215440002700225500000800252170918s9999 xx 000 0 und d a9780545852883 bS539 2014 aShea, Bob aDon't play with your food! / cBob Shea. aNew York : bScholastic, c2014 aunpaged : bcolored illustration ; c25cm. aBuddy and the bunnies. a400